| 000 | 00554nam a2200205 a 4500 | ||
|---|---|---|---|
| 001 | BRCA_6548 | ||
| 005 | 20190320205511.0 | ||
| 008 | 290911s1929----gw-#######---#000-0#ger-# | ||
| 041 | _ager | ||
| 044 | _agw | ||
| 050 | 4 |
_aPT2615 _b.A16 T75 _c1929 |
|
| 100 | 1 |
_aHaas, Rudolf _d1877- _916340 |
|
| 245 | 1 | 0 |
_aTriebl-streiche _bgeschichten vom freudigen leben _cvon Rudolf Haas. |
| 260 |
_aLeipzig, Alemania _bL. Staackmann _c1929 |
||
| 300 |
_a279 p. _c18 cm. |
||
| 500 | _aL94 | ||
| 650 | 1 | 4 |
_aLiteratura asutriaca _916341 |
| 902 | _aGFM | ||
| 942 |
_2lcc _cB |
||
| 999 |
_c6232 _d6232 |
||